000 00449nam a22001697a 4500
003 NUST
005 20220607103151.0
008 220607b ||||| |||| 00| 0 eng d
020 _a978-1119-66528-1
038 _aMuzammil
082 _a620.104
_bMER
100 _aMeriam,J.L.
_913089
245 _aEngineering Mechanics Dynamics Vol 2\
_cJ.L.Meriam & L.G.Kraige.
260 _aUK
_bJohn Wiley,
_c2020.
300 _axiv,256;p.:
942 _2ddc
_cBK
999 _c590132
_d590132